Lighting for photographers : an introductory guide to professional photography
Salvato in:
| Autore principale: | |
|---|---|
| Natura: | Libro |
| Lingua: | inglese |
| Pubblicazione: |
Routledge
2020
|
| Tags: |
Aggiungi Tag
Nessun Tag, puoi essere il primo ad aggiungerne!!
|
MARC
| LEADER | 00000nam a22000007a 4500 | ||
|---|---|---|---|
| 008 | 240326b |||||||| |||| 00| 0 eng d | ||
| 020 | |a 9780815348597 | ||
| 100 | |a LAVINE, Joe |a Bartholomew, Brad | ||
| 245 | |a Lighting for photographers |b : an introductory guide to professional photography |c / Joe Lavine and Brad Bartholomew |g xi, 238 p;ill | ||
| 250 | |b 2nd | ||
| 260 | |b Routledge |c 2020 |h New York |i 702736 |i 702737 |l TR590.L39 |m Photography- Lighting |m Photography- Studios and dark room |m Photography- Vocational guidance | ||
| 500 | |a it includes index | ||
| 942 | |a lcc |c BK |e Johnson |f 26/03/24 | ||
| 952 | |0 0 |1 0 |2 lcc |4 0 |6 TR0590 L39 |7 0 |9 5006 |a SL |b HOL |c QZ |d 2024-03-26 |l 0 |o TR590.L39 |p 2024-0257 |r 2024-03-26 00:00:00 |t 702736 |w 2024-03-26 |y BK | ||
| 952 | |0 0 |1 0 |2 lcc |4 0 |6 TR0590 L39 |7 0 |9 5007 |a HOL |b HOL |c QZ |d 2024-03-26 |l 0 |o TR590.L39 |p 2024-0258 |r 2024-03-26 00:00:00 |t 702737 |w 2024-03-26 |y BK | ||
| 999 | |c 2484 |d 2484 | ||